Hauptstädte zu Flaggen Asien - Statistiken

Allgemein
  • Dieses Quiz wurde 61 mal gespielt
  • Das Durchschnittsergebnis liegt bei 31 aus 48
Antwortstatistiken
Bildquiz Antwort % Korrekt
Singapur
90%
Seoul
83%
Ankara
80%
Bangkok
80%
Tokio
80%
Jerusalem
78%
Moskau
78%
Peking
78%
Abu Dhabi
75%
Beirut
75%
Damaskus
75%
Jakarta
75%
Riad
75%
Islamabad
73%
Jerewan
73%
Baku
70%
Dili
70%
Hanoi
70%
Teheran
70%
Bagdad
68%
Dhaka
68%
Doha
68%
Kathmandu
68%
Kuwait-Stadt
68%
Malé
68%
Manila
68%
Pjöngjang
68%
Taipeh
65%
Astana
63%
Kabul
63%
Kuala Lumpur
63%
Maskat
63%
Duschanbe
60%
Thimphu
60%
Vientiane
60%
Amman
58%
Sanaa
58%
Taschkent
58%
Manama
55%
Phnom Penh
55%
Bischkek
53%
Bandar Seri Begawan
50%
Neu-Dehli
50%
Sri Jayawardenepura Kotte
50%
Tiflis
50%
Naypyidaw
45%
Ulan Bator
45%
Aschgabat
35%
Keine übereinstimmenden Quizze gefunden
Verteilung der Resultate
Anzahl Personen mit jedem Resultat
Perzentil nach korrekt beantworteten Fragen
Ihre Resultats-Entwicklung
Sie haben dieses Quiz noch nicht gespielt